Mountains to coral reefs
保存先:
| 団体著者: | |
|---|---|
| フォーマット: | 図書 |
| 言語: | Undetermined |
| 出版事項: |
Washington, DC.
The World Bank
2006
|
| 主題: | |
| タグ: |
タグ追加
タグなし, このレコードへの初めてのタグを付けませんか!
|
| Thư viện lưu trữ: | Trung tâm Học liệu Trường Đại học Cần Thơ |
|---|
| LEADER | 00488nam a2200181Ia 4500 | ||
|---|---|---|---|
| 001 | CTU_117330 | ||
| 008 | 210402s9999 xx 000 0 und d | ||
| 082 | |a 333.7 | ||
| 082 | |b W927b | ||
| 110 | |a The World Bank | ||
| 245 | 0 | |a Mountains to coral reefs | |
| 245 | 4 | |c The World Bank | |
| 260 | |a Washington, DC. | ||
| 260 | |b The World Bank | ||
| 260 | |c 2006 | ||
| 650 | |a Biological diversity conservation | ||
| 904 | |i Vuong | ||
| 980 | |a Trung tâm Học liệu Trường Đại học Cần Thơ | ||